| 000 | 005480000a22002050004500 | ||
|---|---|---|---|
| 003 | LK-CoMWRAF | ||
| 005 | 20231226111102.0 | ||
| 008 | 230817t1994 ||||| |||| 00| 0 eng d | ||
| 020 | _a9559155131 | ||
| 040 |
_aLK-CoMWRAF _dLK-CoMWRAF _eLK-CoMWRAF |
||
| 041 | _aeng | ||
| 082 |
_a305.6 _bMAL |
||
| 100 | _aMalalgoda, Kitsiri | ||
| 245 | _aThe buddhist-christian confrontation in Sri Lanka,1800-1880 | ||
| 260 |
_aColombo: _bSSC, _c1994 |
||
| 300 | _a32 p. | ||
| 490 |
_aPamphlets _v15 |
||
| 650 | _aRELIGIOUS CONFLICTS-Sri Lanka | ||
| 942 | _cBK | ||
| 999 |
_c3123 _d3123 |
||